000 00543nam a2200229Ia 4500
005 20250425161817.0
008 250425s9999 xx 000 0 und d
020 _a8471144786
041 _aspa
082 _a631.7
100 _aLOSADA VILLASANTE, A.
245 0 _aEL RIEGO. FUNDAMENTOS HIDRAULICOS
250 _a2A ED.
260 _aEspaƱa
_bMUNDI PRENSA
_c1995
260 _aMADRID
300 _a489
650 _aHIDRAULICA
650 _aPRODUCCION AGRICOLA
650 _aSISTEMA DE RIEGO
942 _c01
010 _a30639
999 _c216582
_d216582